| 000 | 00957nam a2200289Ia 4500 | ||
|---|---|---|---|
| 003 | OSt | ||
| 005 | 20221006155242.0 | ||
| 006 | a|||||r|||| 00| 0 | ||
| 007 | ta | ||
| 008 | 221006b |||||||| |||| 00| 0 chi d | ||
| 024 | _a41,302 | ||
| 037 | _cSeries Articles | ||
| 040 |
_aEASL _cEASL _bchi |
||
| 041 |
_2chi _achi |
||
| 100 |
_aJacka Tamara _9135684 |
||
| 245 | 0 |
_aReligious Philosophy of liang Shuming _bhidden buddhist |
|
| 260 |
_aCanberra _bAustralian National University Australia _c2012 |
||
| 300 |
_ap. _ccm. |
||
| 490 | _v67 | ||
| 650 | _aReligion | ||
| 700 |
_a Chen Feng &others _9668717 |
||
| 700 |
_a DeMare Brian James _9668718 |
||
| 700 |
_a Fisac Taciana _9599674 |
||
| 700 |
_a Lin Wanlong & others _9668719 |
||
| 942 |
_cREF _2CC |
||
| 999 |
_c1109388 _d1109388 |
||